Khảo sát thành phần hóa học của thân bình bát dây (Coccinia grandis 9L.) J, Voigt) họ bầu bí (Cucurbitaceae) : Luận văn tốt nghiệp Cao học ngành Hóa hữu cơ
Khảo sát ly trích và phân lập một số hợp chất từ thân bình bát dây (Coccinia grandis 9L.) J, Voigt) họ bầu bí (Cucurbitaceae), xác định cấu trúc và định danh các hợp chất phân lập được.
Na minha lista:
| Autor principal: | |
|---|---|
| Formato: | Livro |
| Idioma: | Undetermined |
| Publicado em: |
Cần Thơ
Trường Đại học Cần Thơ
2014
|
| Assuntos: | |
| Tags: |
Adicionar Tag
Sem tags, seja o primeiro a adicionar uma tag!
|
| Thư viện lưu trữ: | Trung tâm Học liệu Trường Đại học Cần Thơ |
|---|
| LEADER | 01118nam a2200217Ia 4500 | ||
|---|---|---|---|
| 001 | CTU_191161 | ||
| 008 | 210402s9999 xx 000 0 und d | ||
| 082 | |a 547 | ||
| 082 | |b H125 | ||
| 088 | |a 60440114 | ||
| 100 | |a Nguyễn, Văn Hậu | ||
| 245 | 0 | |a Khảo sát thành phần hóa học của thân bình bát dây (Coccinia grandis 9L.) J, Voigt) họ bầu bí (Cucurbitaceae) : | |
| 245 | 0 | |b Luận văn tốt nghiệp Cao học ngành Hóa hữu cơ | |
| 245 | 0 | |c Nguyễn Văn Hậu ; Lê Tiến Dũng (Cán bộ hướng dẫn) | |
| 260 | |a Cần Thơ | ||
| 260 | |b Trường Đại học Cần Thơ | ||
| 260 | |c 2014 | ||
| 520 | |a Khảo sát ly trích và phân lập một số hợp chất từ thân bình bát dây (Coccinia grandis 9L.) J, Voigt) họ bầu bí (Cucurbitaceae), xác định cấu trúc và định danh các hợp chất phân lập được. | ||
| 650 | |a Chemistry, organic,Hóa học hữu cơ | ||
| 904 | |i Hải | ||
| 980 | |a Trung tâm Học liệu Trường Đại học Cần Thơ | ||